000 00721nam 22002053 4500
001 201017
010 _a88-8319-081-5
090 _a201017
100 _a20260305d u||y0pory50 ba
200 _aCrociata immaginaria di un marinaio cieco
_eromanzo psicopoetico
_fMiguel Barbosa
_gversione dal portoghese di Sebastiana Fadda
210 _aRoma
_cBulzoni
_d1997
215 _a117, [3] p.
_cbrochado
_d21 cm
317 _a. - Oferta com dedicatória do escritor ao Prof. Dr. Almeida Faria
606 _96
_aLiteratura Portuguesa
610 _aEm língua Italiana
675 _a821.134.3-31"19/20"
_vIT
_zita
700 _96959
_aBarbosa
_bMiguel
_f1925
801 _aPT
_bBMMN
_gRPC
830 _cAna Falardo
_fAna Falardo
990 _cLIVROS